Agriculture comparee; កសិកម្មប្រៀបធៀប (Record no. 9461)

000 -LEADER
fixed length control field 00299nam a22001217a 4500
040 ## - CATALOGING SOURCE
Transcribing agency SK
082 ## - DEWEY DECIMAL CLASSIFICATION NUMBER
Classification number 307
100 ## - MAIN ENTRY--AUTHOR NAME
Personal name សំ ម៉ាយ៉ានី
245 ## - TITLE STATEMENT
Title Agriculture comparee; កសិកម្មប្រៀបធៀប
260 ## - PUBLICATION, DISTRIBUTION, ETC. (IMPRINT)
Place of publication RUA
Name of publisher សំ
Year of publication 1995
300 ## - PHYSICAL DESCRIPTION
Number of Pages 118p.
942 ## - ADDED ENTRY ELEMENTS (KOHA)
Koha item type សៀវភៅភាសាខ្មែរ
952 ## - LOCATION AND ITEM INFORMATION (KOHA)
Withdrawn status [LOCAL, KOHA] 0
952 ## - LOCATION AND ITEM INFORMATION (KOHA)
Withdrawn status [LOCAL, KOHA] 0
952 ## - LOCATION AND ITEM INFORMATION (KOHA)
Withdrawn status [LOCAL, KOHA] 0
952 ## - LOCATION AND ITEM INFORMATION (KOHA)
Withdrawn status [LOCAL, KOHA] 0
952 ## - LOCATION AND ITEM INFORMATION (KOHA)
Withdrawn status [LOCAL, KOHA] 0
952 ## - LOCATION AND ITEM INFORMATION (KOHA)
Withdrawn status [LOCAL, KOHA] 0
952 ## - LOCATION AND ITEM INFORMATION (KOHA)
Withdrawn status [LOCAL, KOHA] 0
952 ## - LOCATION AND ITEM INFORMATION (KOHA)
Withdrawn status [LOCAL, KOHA] 0
952 ## - LOCATION AND ITEM INFORMATION (KOHA)
Withdrawn status [LOCAL, KOHA] 0
Holdings
Permanent Location Date acquired Koha item type Lost status Shelving location Barcode Current Location Full call number
Library Block C2016-09-01សៀវភៅភាសាខ្មែរ C062RUA44509Library Block C307 សំ 1995 C062
Library Block C2016-09-01សៀវភៅភាសាខ្មែរ C062RUA046637Library Block C307 សំ 1995 C062
Library Block C2016-09-01សៀវភៅភាសាខ្មែរ C062RUA062316Library Block C307 សំ 1995 C062
Library Block C2016-09-01សៀវភៅភាសាខ្មែរ C062RUA061427Library Block C307 សំ 1995 C062
Library Block C2016-09-01សៀវភៅភាសាខ្មែរ C062RUA061403Library Block C307 សំ 1995 C062
Library Block C2016-09-01សៀវភៅភាសាខ្មែរ C062RUA061754Library Block C307 សំ 1995 C062
Library Block C2016-09-01សៀវភៅភាសាខ្មែរ C062RUA062118Library Block C307 សំ 1995 C062
Library Block C2016-09-01សៀវភៅភាសាខ្មែរ C062RUA045078Library Block C307 សំ 1995 C062
Library Block C2016-09-05សៀវភៅភាសាខ្មែរ C198RUA047549Library Block C307 សំ 1995 C198
មជ្ឈមណ្ឌលឯការនៃសាកលវិទ្យាល័យភូមិន្ទកសិកម្មចំការដូង

Powered by Koha